000 00486nam a2200193Ia 4500
005 20250425160844.0
008 250425s9999 xx 000 0 und d
041 _aeng
082 _a546
100 _aHALL, JAMES L.
245 0 _aBRIEF CHEMISTRY OF THE ELEMENTS WITH QUALITATIVE ANALYSIS
250 _a1A ED.
260 _aCALIFORNIA CITY
260 _aEstados Unidos
_bW.A. BENJAMIN
_c1971
300 _a246
650 _aQUIMICA INORGANICA
942 _c01
010 _a6909
999 _c197565
_d197565